00761cam a2200217 a 450000100100000000500170001000800410002703500190006804000230008708200180011010000460012824500470017426000370022130000210025865000360027965000480031591000340036304900090039795201220040699900150052800001001720200929161814.0790813s1977 pr 000 p spa  a(DLC) 79367780 aDO-SdBNPcDLCdDLC a861.64bM433L1 aMatos Paoli, Francisco,d1915-2000.9917310aLoor del espacio /cFrancisco Matos Paoli. aHato Rey :bRamallo Bros,c1977. a146 p. ;c23 cm. 4aPoesía puertorriqueña91015 4aLiteratura puertorriqueñaySIGLO XX95311 aCatalogación por copia / LC aBNGR 001052708MOaGRbGRcCTd2009-10-02iLF1l0o861.64 M433Lp10017-10r2020-06-25w2020-06-25y2ZPréstamo interno c9776d9776